[Event "4NCL Division 4 South"]
[Site "Telford, ENG ENG"]
[Date "2016.01.16"]
[Round "3.175"]
[White "Littlejohns, David P"]
[Black "Conway, Paul Bernard"]
[Result "1/2-1/2"]
[WhiteElo "2006"]
[BlackElo "1907"]
[PlyCount "80"]
[EventDate "2016.01.16"]
[WhiteTeam "West is Best 2"]
[BlackTeam "Hackney 2"]

1. e4 e6 2. d4 b6 3. Bd3 Bb7 4. Nf3 Nf6 5. Qe2 d5 6. exd5 Nxd5 7. Bd2 Be7 8.
O-O Nd7 9. c3 N5f6 10. Bg5 O-O 11. Nbd2 c5 12. Bxf6 Nxf6 13. dxc5 Bxc5 14. Ne4
Nxe4 15. Bxe4 Bxe4 16. Qxe4 Rc8 17. Rad1 Qc7 18. Rd3 h6 19. Rfd1 Rfd8 20. h3
Rxd3 21. Qxd3 Be7 22. Qd7 Bf6 23. Qa4 a5 24. Rd7 Qc6 25. Qxc6 Rxc6 26. Nd4 Bxd4
27. Rd8+ Kh7 28. Rxd4 Kg6 29. Kf1 f5 30. Ke2 e5 31. Rd7 Kf6 32. h4 g5 33. hxg5+
hxg5 34. Rh7 Kg6 35. Rh8 Kg7 36. Re8 Kf6 37. Rf8+ Ke6 38. Rg8 Kf6 39. Rf8+ Ke6
40. Rg8 Kf6 1/2-1/2

[Event "4NCL Division 4 South"]
[Site "Telford, ENG ENG"]
[Date "2016.01.16"]
[Round "3.176"]
[White "Ng, Han"]
[Black "Taylor, William J"]
[Result "1/2-1/2"]
[WhiteElo "1785"]
[BlackElo "1957"]
[PlyCount "70"]
[EventDate "2016.01.16"]
[WhiteTeam "Hackney 2"]
[BlackTeam "West is Best 2"]

1. d4 Nf6 2. c4 g6 3. Nc3 Bg7 4. e4 d6 5. Nf3 O-O 6. Be2 e5 7. O-O Nc6 8. d5
Ne7 9. b4 c6 10. Ba3 cxd5 11. exd5 a5 12. bxa5 Rxa5 13. Bb4 Ra8 14. a4 Nf5 15.
Ra2 b6 16. Re1 Re8 17. Bd3 Ba6 18. Qb3 Rc8 19. a5 e4 20. Nxe4 Nxe4 21. axb6
Qxb6 22. Qa4 Nf6 23. Rb1 Bxc4 24. Bd2 Qc5 25. Rc1 Ng4 26. Bf4 Qxd5 27. Bxc4 Qb7
28. Rac2 Ne5 29. Ba6 Nxf3+ 30. gxf3 Qxf3 31. Rxc8 Qg4+ 32. Kf1 Qh3+ 33. Kg1
Qg4+ 34. Kh1 Qf3+ 35. Kg1 Qg4+ 1/2-1/2

[Event "4NCL Division 4 South"]
[Site "Telford, ENG ENG"]
[Date "2016.01.16"]
[Round "3.177"]
[White "Carpenter, Dai"]
[Black "Polat, Zeynel"]
[Result "1-0"]
[WhiteElo "1964"]
[BlackElo "1772"]
[PlyCount "113"]
[EventDate "2016.01.16"]
[WhiteTeam "West is Best 2"]
[BlackTeam "Hackney 2"]

1. Nf3 e6 2. g3 d5 3. Bg2 Nf6 4. O-O c5 5. d3 Be7 6. Nbd2 O-O 7. Re1 Nc6 8. e4
dxe4 9. dxe4 b5 10. Qe2 Rb8 11. a4 Nb4 12. Nf1 Ba6 13. axb5 Bxb5 14. c4 Ba6 15.
Bf4 Rb7 16. Ne5 Qb6 17. Ne3 Nd7 18. Qg4 Nxe5 19. Bxe5 f6 20. Bc3 Rd7 21. Nd5
Nxd5 22. exd5 Bc8 23. Rxe6 Rd6 24. Rxd6 Bxd6 25. Qh5 Qc7 26. Be4 g6 27. Qh6 a6
28. Kg2 Be5 29. Qd2 f5 30. Bf3 f4 31. Re1 Bd6 32. Be4 fxg3 33. hxg3 Qd7 34. Qh6
Qf7 35. f3 Bd7 36. Rh1 Re8 37. Ra1 Bc8 38. Qg5 Rf8 39. Rh1 Be7 40. Qe5 Bf6 41.
Qxf6 Qxf6 42. Bxf6 Rxf6 43. b3 Rb6 44. Bc2 Bd7 45. Ra1 Rb8 46. Ra5 Bf5 47. Bd1
Rc8 48. Rxa6 Kg7 49. g4 Bd3 50. Rc6 Ra8 51. f4 Ra1 52. Bf3 Rb1 53. d6 Rb2+ 54.
Kg3 Kf6 55. d7+ Ke7 56. d8=Q+ Kxd8 57. Rd6+ 1-0

[Event "4NCL Division 4 South"]
[Site "Telford, ENG ENG"]
[Date "2016.01.16"]
[Round "3.178"]
[White "Burgoyne, Peter A"]
[Black "Davies, Matthew"]
[Result "0-1"]
[WhiteElo "1840"]
[BlackElo "1945"]
[PlyCount "84"]
[EventDate "2016.01.16"]
[WhiteTeam "Hackney 2"]
[BlackTeam "West is Best 2"]

1. e4 e6 2. d4 d5 3. e5 c5 4. c3 Qb6 5. Nf3 Nc6 6. Bd3 Bd7 7. O-O cxd4 8. cxd4
Nxd4 9. Nxd4 Qxd4 10. Qe2 Qb6 11. Nd2 Ne7 12. Nf3 h6 13. Be3 Qa5 14. a3 Nc6 15.
b4 Qc7 16. Rac1 a6 17. Rc3 Be7 18. Qd2 Rc8 19. Rfc1 Qb8 20. h3 Bd8 21. Qc2 O-O
22. Qd2 Be7 23. Bxh6 Nxe5 24. Nxe5 Qxe5 25. Bf4 Qf6 26. Bg3 e5 27. Be2 Rxc3 28.
Rxc3 Bc6 29. Bg4 e4 30. Rc1 Bd6 31. Bxd6 Qxd6 32. Qd4 f5 33. Be2 f4 34. Bg4 Qf6
35. Qc5 d4 36. Rd1 Rd8 37. Qc4+ Kh8 38. Qe6 Qxe6 39. Bxe6 Ba4 40. Rd2 e3 41.
fxe3 fxe3 42. Rd3 Bc2 0-1

[Event "4NCL Division 4 South"]
[Site "Telford, ENG ENG"]
[Date "2016.01.16"]
[Round "3.179"]
[White "Parry, Matthew"]
[Black "Ignatyev, Alexander"]
[Result "1-0"]
[WhiteElo "1899"]
[BlackElo "1750"]
[PlyCount "71"]
[EventDate "2016.01.16"]
[WhiteTeam "West is Best 2"]
[BlackTeam "Hackney 2"]

1. d4 e6 2. Nf3 b6 3. e3 Bb7 4. Bd3 f5 5. c4 Nf6 6. Nc3 Bb4 7. Bd2 O-O 8. Qb3
c5 9. a3 Bxc3 10. Bxc3 cxd4 11. Bxd4 Nc6 12. Bc3 Ne4 13. Bxe4 fxe4 14. Nd4 Ne5
15. O-O Qg5 16. h3 Rf6 17. Ne2 Rg6 18. Nf4 Rh6 19. Bxe5 Qxe5 20. Qb5 Qxb5 21.
cxb5 e5 22. Ne2 Rc8 23. Rac1 Rc5 24. b4 Rxb5 25. Nc3 Ba6 26. Nxb5 Bxb5 27. Rfd1
Bc6 28. Ra1 d5 29. a4 a6 30. Rdb1 d4 31. exd4 exd4 32. b5 axb5 33. axb5 Bd5 34.
Ra7 Rd6 35. Rc1 d3 36. Rc8+ 1-0

[Event "4NCL Division 4 South"]
[Site "Telford, ENG ENG"]
[Date "2016.01.16"]
[Round "3.180"]
[White "Rivlin, Mark"]
[Black "Staniforth, Matthew"]
[Result "0-1"]
[WhiteElo "1675"]
[BlackElo "1874"]
[PlyCount "54"]
[EventDate "2016.01.16"]
[WhiteTeam "Hackney 2"]
[BlackTeam "West is Best 2"]

1. e4 e5 2. Nf3 Nc6 3. Be2 Nf6 4. d3 d5 5. exd5 Nxd5 6. O-O Be7 7. Nbd2 Be6 8.
Ne4 Nf4 9. Ng3 g5 10. Be3 g4 11. Nd2 h5 12. Bxf4 exf4 13. Nge4 f5 14. Nc3 Bd6
15. Nb5 Be5 16. Nc4 Bxc4 17. dxc4 Qh4 18. f3 a6 19. Nc3 Bd4+ 20. Kh1 O-O-O 21.
Qe1 Qg5 22. Rd1 h4 23. fxg4 fxg4 24. Ne4 Qf5 25. c3 h3 26. Bd3 hxg2+ 27. Kxg2
Rxh2+ 0-1

[Event "4NCL Division 4 South"]
[Site "Telford, ENG ENG"]
[Date "2016.01.16"]
[Round "3.185"]
[White "Reynolds, D Ian W"]
[Black "Burke, Steven J"]
[Result "1-0"]
[WhiteElo "2026"]
[BlackElo "1943"]
[PlyCount "79"]
[EventDate "2016.01.16"]
[WhiteTeam "Iceni 1"]
[BlackTeam "Ashfield-Breadsall 2"]

1. e4 e5 2. Nf3 Nc6 3. d4 exd4 4. Nxd4 Bc5 5. Nb3 Bb6 6. Nc3 d6 7. Qe2 Be6 8.
Be3 Bxe3 9. Qxe3 a6 10. Bd3 Nf6 11. O-O-O Ng4 12. Qg3 Qf6 13. f4 Qh6 14. Kb1
Bxb3 15. axb3 Nf6 16. Rhf1 Qg6 17. Qf2 Ng4 18. Qg1 Nb4 19. h3 Nxd3 20. Rxd3 Nf6
21. g4 O-O 22. Re1 Rfd8 23. g5 Nd7 24. Qg4 h5 25. Qh4 Nb6 26. f5 Qh7 27. Rg1 g6
28. f6 Re8 29. Re1 Re5 30. Nd5 Nxd5 31. exd5 Rae8 32. Rxe5 dxe5 33. Qa4 b5 34.
Qxa6 Kh8 35. Qxb5 Qg8 36. Re3 e4 37. Qc4 Re5 38. Rxe4 Rxg5 39. Qc3 Rg1+ 40. Ka2
1-0

[Event "4NCL Division 4 South"]
[Site "Telford, ENG ENG"]
[Date "2016.01.16"]
[Round "3.186"]
[White "Taylor, Robert P"]
[Black "Calvert, D Ian"]
[Result "1/2-1/2"]
[WhiteElo "1916"]
[BlackElo "1986"]
[PlyCount "157"]
[EventDate "2016.01.16"]
[WhiteTeam "Ashfield-Breadsall 2"]
[BlackTeam "Iceni 1"]

1. d4 d5 2. Bg5 g6 3. e3 Bg7 4. Bd3 c5 5. c3 Qb6 6. Qc1 Nf6 7. Nd2 Bf5 8. Bxf5
gxf5 9. Ngf3 Nc6 10. Rb1 Rc8 11. Qd1 e6 12. Qa4 Ne4 13. Bf4 cxd4 14. Nxe4 fxe4
15. Nxd4 O-O 16. Qd1 Ne5 17. O-O Nd3 18. Ne2 f5 19. Qd2 Kh8 20. Bg3 e5 21. Nc1
Nxc1 22. Rbxc1 Rcd8 23. Kh1 Qe6 24. Qe2 f4 25. Bh4 f3 26. Qe1 fxg2+ 27. Kxg2
Qg4+ 28. Bg3 Qf3+ 29. Kg1 Bf6 30. Qd1 h5 31. Qxf3 exf3 32. h4 Rg8 33. Kh2 Rg4
34. Kh3 Kg7 35. Rcd1 Kf7 36. Rd2 Ke6 37. Rfd1 b5 38. b3 a6 39. Rc2 Rd7 40. Rdc1
Rc7 41. Rd2 Rc6 42. Rcd1 Rd6 43. Rc2 Be7 44. Rcd2 Rg8 45. a4 bxa4 46. bxa4 Rg4
47. Ra2 Rc4 48. Rb1 Rxc3 49. Rb7 Rc1 50. Kh2 Bf6 51. Rh7 Rb6 52. Rxh5 Rbb1 53.
Kh3 Ra1 54. Rb2 Rab1 55. Ra2 Rc4 56. Kh2 Rbb4 57. Rh7 Rxa4 58. Rxa4 Rxa4 59.
Rb7 Bxh4 60. Rb6+ Kf5 61. Bxh4 Rxh4+ 62. Kg3 Ra4 63. Kxf3 Ra2 64. Rb8 e4+ 65.
Kg3 Ke5 66. Rb6 a5 67. f4+ exf3 68. Kxf3 a4 69. Ra6 {(=)} a3 70. Ra5 Kd6 71. e4
dxe4+ 72. Kxe4 Kc6 73. Kd3 Rh2 74. Kc4 a2 75. Ra6+ Kb7 76. Ra3 Kb6 77. Kb3 Rh3+
78. Kxa2 Rxa3+ 79. Kxa3 1/2-1/2

[Event "4NCL Division 4 South"]
[Site "Telford, ENG ENG"]
[Date "2016.01.16"]
[Round "3.187"]
[White "Feavyour, John A"]
[Black "Truman, Richard G"]
[Result "1/2-1/2"]
[WhiteElo "1979"]
[BlackElo "1968"]
[PlyCount "98"]
[EventDate "2016.01.16"]
[WhiteTeam "Iceni 1"]
[BlackTeam "Ashfield-Breadsall 2"]

1. d4 Nf6 2. Nf3 g6 3. c4 Bg7 4. Nc3 O-O 5. e4 d6 6. Be2 e5 7. dxe5 dxe5 8.
Qxd8 Rxd8 9. Bg5 c6 10. O-O Nbd7 11. Rad1 Re8 12. h3 h6 13. Be3 Nf8 14. Rd6 Ne6
15. Rfd1 Nh5 16. R6d2 Kh7 17. c5 Nef4 18. Bf1 Bf6 19. Kh2 Ng7 20. b4 Nge6 21.
Bc4 Kg7 22. a4 Ng5 23. Ng1 Be6 24. Bxe6 Ngxe6 25. g3 Nh5 26. Nf3 Rac8 27. Rd7
Rb8 28. b5 Nf8 29. R7d3 g5 30. Kg2 Kg6 31. Rd6 Re6 32. Rb1 Rd8 33. bxc6 bxc6
34. Rxd8 Bxd8 35. Rb8 Ba5 36. Rxf8 Bxc3 37. Ra8 Nf6 38. Rxa7 Nxe4 39. Rb7 f5
40. Rb3 Ba5 41. Rb2 Re7 42. Nd2 Nxd2 43. Bxd2 Ra7 44. f3 Kf6 45. Bxa5 Rxa5 46.
Rb6 Rxc5 47. a5 Rxa5 48. Rxc6+ Kg7 49. Rc7+ Kg6 1/2-1/2

[Event "4NCL Division 4 South"]
[Site "Telford, ENG ENG"]
[Date "2016.01.16"]
[Round "3.188"]
[White "Hill, Maurice J"]
[Black "Dickson, George"]
[Result "1/2-1/2"]
[WhiteElo "1832"]
[BlackElo "2007"]
[PlyCount "77"]
[EventDate "2016.01.16"]
[WhiteTeam "Ashfield-Breadsall 2"]
[BlackTeam "Iceni 1"]

1. g3 Nf6 2. Bg2 g6 3. c4 Bg7 4. Nc3 O-O 5. d3 d6 6. e4 c5 7. Nge2 Nc6 8. O-O
Rb8 9. h3 Bd7 10. Be3 Qc8 11. Kh2 Ne5 12. Nd5 Nxd5 13. exd5 f5 14. f4 Nf7 15.
Qd2 b5 16. Rab1 b4 17. b3 a5 18. Rfc1 Qa6 19. Ng1 a4 20. Qf2 axb3 21. axb3 {(=)
} Ra8 22. Nf3 Qa2 23. Qc2 Qxc2 24. Rxc2 Rfc8 25. d4 Ra5 26. Kg1 Rca8 27. Kf1
Ra1 28. Rcc1 Rxb1 29. Rxb1 Ra5 30. dxc5 dxc5 31. Ne1 e6 32. Nd3 Bf8 33. Ke2 Bd6
34. dxe6 Bxe6 35. Bf3 Kf8 36. Rd1 Ke7 37. Nc1 Nd8 38. Rd2 Bd7 39. Ra2 1/2-1/2

[Event "4NCL Division 4 South"]
[Site "Telford, ENG ENG"]
[Date "2016.01.16"]
[Round "3.189"]
[White "Botham, C Paul"]
[Black "Flynn, David"]
[Result "1-0"]
[WhiteElo "1977"]
[BlackElo "1863"]
[PlyCount "91"]
[EventDate "2016.01.16"]
[WhiteTeam "Iceni 1"]
[BlackTeam "Ashfield-Breadsall 2"]

1. c4 Nf6 2. Nc3 g6 3. Nf3 Bg7 4. g3 O-O 5. Bg2 d5 6. cxd5 Nxd5 7. O-O c5 8.
Qb3 Nb6 9. d3 h6 10. Be3 Na6 11. a3 Be6 12. Qc2 c4 13. d4 Nc7 14. Rad1 Ncd5 15.
Nxd5 Nxd5 16. Bc1 b5 17. e4 Nb6 18. Be3 Bc8 19. Qd2 Kh7 20. d5 e6 21. Bd4 exd5
22. Bxg7 Kxg7 23. exd5 Qd6 24. Qd4+ f6 25. Rd2 Bb7 26. Rfd1 Rad8 27. Ne1 Rfe8
28. Nc2 a5 29. Ne3 Na4 30. h4 h5 31. Be4 Nc5 32. Bc2 Nd7 33. f4 Qc5 34. Kf2
Qxd4 35. Rxd4 f5 36. a4 Nb6 37. axb5 Rd7 38. Nxc4 Nxc4 39. Rxc4 Bxd5 40. Rcd4
Red8 41. Bb3 Be6 42. Rxd7+ Rxd7 43. Rxd7+ Bxd7 44. b6 Bc6 45. Bd1 Kf6 46. Bf3
1-0

[Event "4NCL Division 4 South"]
[Site "Telford, ENG ENG"]
[Date "2016.01.16"]
[Round "3.190"]
[White "Graham, Neil"]
[Black "Donaghay, Richard H"]
[Result "1-0"]
[WhiteElo "1825"]
[BlackElo "1937"]
[PlyCount "49"]
[EventDate "2016.01.16"]
[WhiteTeam "Ashfield-Breadsall 2"]
[BlackTeam "Iceni 1"]

1. d4 d6 2. Bg5 c6 3. Nf3 Bg4 4. Nbd2 Nd7 5. h3 Bxf3 6. Nxf3 Ngf6 7. e3 Ne4 8.
c3 Qa5 9. Bf4 Ndf6 10. Bd3 g6 11. Qc2 d5 12. O-O b5 13. a4 Qb6 14. axb5 cxb5
15. Qb3 b4 16. Qa4+ Nd7 17. Ne5 Nef6 18. Bb5 Qe6 19. Bg5 Kd8 20. Bxf6 Nxf6 21.
Nc6+ Kc7 22. Qa5+ Kc8 23. cxb4 Bh6 24. Rfc1 Bxe3 25. Nxe7+ 1-0

[Event "4NCL Division 4 South"]
[Site "Telford, ENG ENG"]
[Date "2016.01.16"]
[Round "3.195"]
[White "Szymanski, Mark"]
[Black "Willmoth, Robert F"]
[Result "1/2-1/2"]
[WhiteElo "1860"]
[BlackElo "2245"]
[PlyCount "117"]
[EventDate "2016.01.16"]
[WhiteTeam "Iceni 2"]
[BlackTeam "Barnet Knights 1"]

1. c4 e5 2. g3 d6 3. Nc3 Nc6 4. Bg2 f5 5. d3 Nf6 6. Rb1 Be7 7. b4 O-O 8. b5 Nd4
9. e3 Ne6 10. Nge2 Qe8 11. O-O h5 12. Nd5 Bd8 13. Nxf6+ Bxf6 14. f4 g6 15. h4
Nc5 16. Qc2 e4 17. d4 Nd3 18. Bd2 a6 19. a4 Bd7 20. Nc1 Nxc1 21. Rfxc1 Kh7 22.
Bf1 Qe7 23. c5 axb5 24. cxd6 cxd6 25. axb5 Rfc8 26. Qb2 Be6 27. Rxc8 Rxc8 28.
Rc1 Qd7 29. Rxc8 Qxc8 30. Qc3 Qxc3 31. Bxc3 Kg7 32. Bb4 Be7 33. Kf2 Kf7 34. Ke1
Ba2 35. Kd2 Ke6 36. Kc3 Kd5 37. Ba5 Bf8 38. Bd8 Bg7 39. Bb6 Bf6 40. Bc7 Be7 41.
Bb6 Ke6 42. Kb2 Bd5 43. Kc3 Kd7 44. Ba5 Be6 45. Bb6 Kc8 46. Ba5 Kb8 47. Be2 d5
48. Bb6 Ba3 49. Kd2 Bb4+ 50. Kd1 Bd7 51. Bf1 Be8 52. Be2 Bc3 53. Bf1 Kc8 54.
Be2 Kd7 55. Bf1 Bb4 56. Be2 Bd6 57. Kc2 Bc7 58. Bxc7 Kxc7 59. Kb3 1/2-1/2

[Event "4NCL Division 4 South"]
[Site "Telford, ENG ENG"]
[Date "2016.01.16"]
[Round "3.196"]
[White "Pollack, Oscar"]
[Black "Ukken, Somton"]
[Result "1/2-1/2"]
[WhiteElo "1960"]
[BlackElo "1894"]
[PlyCount "116"]
[EventDate "2016.01.16"]
[WhiteTeam "Barnet Knights 1"]
[BlackTeam "Iceni 2"]

1. Nf3 d5 2. g3 Nf6 3. Bg2 Bf5 4. c4 c6 5. O-O e6 6. cxd5 exd5 7. d3 Be7 8. Qb3
Qb6 9. Qc2 O-O 10. Nc3 Nbd7 11. e4 dxe4 12. dxe4 Bg6 13. Be3 Qa5 14. Nh4 Bc5
15. Nxg6 hxg6 16. Bd2 Qc7 17. Bf4 Qa5 18. a3 Bb6 19. b4 Qh5 20. h3 g5 21. g4
Qg6 22. Bg3 Bd4 23. Rad1 Be5 24. Ne2 Rfe8 25. f4 gxf4 26. Nxf4 Bxf4 27. Rxf4
Rad8 28. Rf5 Nf8 29. e5 Nd5 30. Qb3 Qe6 31. Rdf1 Rd7 {(=)} 32. b5 Ng6 33. bxc6
bxc6 34. h4 Red8 35. h5 Nf8 36. Bh4 Re8 37. Be4 Nh7 {(=)} 38. Qf3 g6 39. Rxf7
Rxf7 40. Qxf7+ Qxf7 41. Rxf7 Kxf7 42. hxg6+ Kg7 43. gxh7 Rxe5 44. Bf5 Rxf5 45.
gxf5 Kxh7 46. Kf2 Kg7 47. Kf3 Kf7 48. Ke4 a5 {(=)} 49. Kd4 a4 50. Kc5 Ne3 51.
f6 Nc2 52. Kxc6 Nxa3 53. Kc5 Nb5 54. Kxb5 a3 55. Be1 Kxf6 56. Bc3+ Kf5 57. Ka4
a2 58. Ka3 a1=B 1/2-1/2

[Event "4NCL Division 4 South"]
[Site "Telford, ENG ENG"]
[Date "2016.01.16"]
[Round "3.197"]
[White "Jones, Robert L"]
[Black "Karia, Rishul"]
[Result "1/2-1/2"]
[WhiteElo "1832"]
[BlackElo "1862"]
[PlyCount "63"]
[EventDate "2016.01.16"]
[WhiteTeam "Iceni 2"]
[BlackTeam "Barnet Knights 1"]

1. e4 e5 2. Bc4 d6 3. d3 Nc6 4. h3 Na5 5. Nc3 Nxc4 6. dxc4 g6 7. Nf3 Bg7 8. Qe2
Ne7 9. Nd5 c6 10. Nxe7 Qxe7 11. Be3 Be6 12. O-O-O O-O 13. Kb1 Rfb8 14. b3 a5
15. Qd2 Bf8 16. Bh6 Re8 17. Bxf8 Qxf8 18. Ng5 a4 19. Nxe6 fxe6 20. b4 d5 21.
cxd5 cxd5 22. a3 Rac8 23. exd5 exd5 24. Rhe1 {(=)} Qf6 25. f3 Qd6 26. Re3 d4
27. Rd3 Rc4 28. Qe2 Rec8 29. R1d2 Qd5 30. Qe4 Qxe4 31. fxe4 Kf7 32. Rf2+
1/2-1/2

[Event "4NCL Division 4 South"]
[Site "Telford, ENG ENG"]
[Date "2016.01.16"]
[Round "3.198"]
[White "Hung, Jake"]
[Black "Lovell, Steve"]
[Result "0-1"]
[WhiteElo "1892"]
[BlackElo "1766"]
[PlyCount "80"]
[EventDate "2016.01.16"]
[WhiteTeam "Barnet Knights 1"]
[BlackTeam "Iceni 2"]

1. c4 Nc6 2. g3 e5 3. Bg2 f5 4. Nc3 Nf6 5. d3 Bb4 6. Bd2 O-O 7. Nh3 d6 8. f4
Bd7 9. a3 Bxc3 10. Bxc3 Qe8 11. fxe5 dxe5 12. Nf2 Rb8 13. O-O f4 14. gxf4 exf4
15. Ne4 Ng4 16. Bd2 Qh5 17. h3 Ne3 18. Bxe3 fxe3 19. Qe1 Nd4 20. Kh2 Nc2 21.
Qg3 Nxa1 22. Nf6+ Rxf6 23. Rxf6 Re8 24. Bd5+ Kh8 25. Qf4 Qxe2+ 26. Bg2 gxf6 27.
Qxf6+ Kg8 28. Qg5+ Kf7 29. Qf4+ Ke7 30. Qh4+ Ke6 31. Qh6+ Ke5 32. Qg7+ Ke6 33.
Qh6+ {(=)} Ke7 34. Qh4+ Kf8 35. Qh6+ Kg8 36. Qg5+ {(=)} Kf7 37. Qf4+ Kg6 38.
Qg3+ Kf5 39. Qg7 Bc6 40. Qxh7+ Ke6 0-1

[Event "4NCL Division 4 South"]
[Site "Telford, ENG ENG"]
[Date "2016.01.16"]
[Round "3.199"]
[White "Pott, Laurie"]
[Black "Willmoth, Harrison"]
[Result "1/2-1/2"]
[WhiteElo "1742"]
[BlackElo "1675"]
[PlyCount "75"]
[EventDate "2016.01.16"]
[WhiteTeam "Iceni 2"]
[BlackTeam "Barnet Knights 1"]

1. d4 d6 2. Bf4 Nf6 3. e3 c6 4. Nf3 Bg4 5. Be2 e6 6. Nbd2 Be7 7. h3 Bxf3 8.
Nxf3 Qb6 9. Qc1 d5 10. O-O O-O 11. a3 a5 12. c3 a4 13. Bd3 Nbd7 14. Qc2 c5 15.
Ne5 h6 16. Rab1 c4 17. Nxd7 Nxd7 18. Be2 g5 19. Bh2 f5 20. f4 Nf6 21. g4 Ne4
22. Bf3 Qc6 23. Bxe4 fxe4 24. Qg2 Qe8 25. Rf2 Qg6 26. Rbf1 Kh7 27. f5 exf5 28.
Rxf5 Rxf5 29. Rxf5 Qg8 30. Qf2 Rf8 31. Be5 b5 32. Bf6 Bxf6 33. Rxf6 Rxf6 34.
Qxf6 Qb8 35. Qf7+ Kh8 36. Kg2 Qa8 37. Qf6+ Kh7 38. Qf7+ 1/2-1/2

[Event "4NCL Division 4 South"]
[Site "Telford, ENG ENG"]
[Date "2016.01.16"]
[Round "3.200"]
[White "Hung, Dylan"]
[Black "Somton, Anita"]
[Result "0-1"]
[WhiteElo "1540"]
[BlackElo "1488"]
[PlyCount "48"]
[EventDate "2016.01.16"]
[WhiteTeam "Barnet Knights 1"]
[BlackTeam "Iceni 2"]

1. c4 e6 2. g3 d5 3. Bg2 Nf6 4. Nf3 Be7 5. O-O O-O 6. d3 c6 7. Nbd2 Nbd7 8. b3
Re8 9. Bb2 Bd6 10. d4 Bc7 11. e3 e5 12. dxe5 Nxe5 13. Nxe5 Bxe5 14. Bxe5 Rxe5
15. Nf3 Re8 16. cxd5 Nxd5 17. Qc2 Qf6 18. Nd4 Nb6 19. Be4 h6 20. Bg2 Bg4 21.
Rae1 Rad8 22. Ne2 Bf5 23. e4 Bh7 24. Nc3 Nd5 {White lost on time} 0-1

[Event "4NCL Division 4 South"]
[Site "Telford, ENG ENG"]
[Date "2016.01.16"]
[Round "3.205"]
[White "Paul, Nathanael"]
[Black "Neatherway, A Philip"]
[Result "1-0"]
[WhiteElo "2012"]
[BlackElo "1840"]
[PlyCount "85"]
[EventDate "2016.01.16"]
[WhiteTeam "Shropshire 2"]
[BlackTeam "Oxford 3"]

1. e4 c5 2. Nf3 e6 3. d4 cxd4 4. Nxd4 a6 5. Nc3 b5 6. Bd3 Qc7 7. Be3 Nc6 8. O-O
Bb7 9. Qd2 Nf6 10. f3 Nxd4 11. Bxd4 Bc5 12. Bxc5 Qxc5+ 13. Qf2 Qxf2+ 14. Rxf2
d6 15. Rd1 Ke7 16. Rfd2 Rhd8 17. a4 b4 18. Na2 d5 19. exd5 Nxd5 20. a5 Ne3 21.
Ra1 Nc4 22. Re2 Nxb2 23. Be4 Bxe4 24. Rxe4 Rd2 25. Nxb4 f5 26. Re3 Nd1 27. Rd3
Rxd3 28. cxd3 Nc3 29. Kf2 Kd7 30. Rc1 Nb5 31. Ke3 g5 32. Rc6 Nc7 33. Rb6 h5 34.
Kd4 g4 35. f4 h4 36. Ke5 h3 37. g3 Rc8 38. Rd6+ Ke7 39. Nc6+ Kf7 40. Na7 Re8
41. d4 Re7 42. Nc6 Re8 43. Rd7+ 1-0

[Event "4NCL Division 4 South"]
[Site "Telford, ENG ENG"]
[Date "2016.01.16"]
[Round "3.206"]
[White "Gentry, Alan E"]
[Black "Zdanowski, Adrian"]
[Result "0-1"]
[WhiteElo "1773"]
[BlackElo "1990"]
[PlyCount "87"]
[EventDate "2016.01.16"]
[WhiteTeam "Oxford 3"]
[BlackTeam "Shropshire 2"]

1. d4 Nf6 2. c4 g6 3. Nc3 d5 4. Bf4 Bg7 5. Rc1 c6 6. e3 O-O 7. Nf3 Qb6 8. Qb3
Be6 9. c5 Qxb3 10. axb3 Na6 11. Bxa6 bxa6 12. Ra1 Bc8 13. Ne5 Bb7 14. Nd3 Nh5
15. Bg5 f6 16. Bh4 g5 17. Bg3 Nxg3 18. hxg3 e5 19. Ne2 Rab8 20. Kd2 Bc8 21. Kc3
exd4+ 22. Nxd4 f5 23. Nb4 Bd7 24. Rxa6 Rb7 25. Rha1 Rfb8 26. R1a4 Rb5 27. Rxa7
Rxc5+ 28. Kd3 Bxd4 29. exd4 Rcb5 30. Rxd7 Rxb4 31. Rxb4 Rxb4 32. Kc3 Rb6 33. b4
h6 34. Rc7 h5 35. Re7 Ra6 36. Re5 Kg7 37. Rxf5 Kg6 38. Re5 Ra1 39. Re6+ Kf5 40.
Rxc6 Rc1+ 41. Kb3 Rxc6 42. Ka4 Rc4 43. Ka5 Rxd4 44. b5 0-1

[Event "4NCL Division 4 South"]
[Site "Telford, ENG ENG"]
[Date "2016.01.16"]
[Round "3.207"]
[White "Maydew, Simon"]
[Black "Truran, Joseph M"]
[Result "1/2-1/2"]
[WhiteElo "1840"]
[BlackElo "1727"]
[PlyCount "22"]
[EventDate "2016.01.16"]
[WhiteTeam "Shropshire 2"]
[BlackTeam "Oxford 3"]

1. d4 Nf6 2. Nf3 g6 3. Nc3 d5 4. Bf4 Bg7 5. e3 O-O 6. Be2 Bf5 7. Ne5 Nbd7 8. g4
Be6 9. h4 Rc8 10. g5 Ne4 11. Nxe4 dxe4 1/2-1/2

[Event "4NCL Division 4 South"]
[Site "Telford, ENG ENG"]
[Date "2016.01.16"]
[Round "3.208"]
[White "Henbest, Kevin B"]
[Black "Kolbusz, George"]
[Result "1-0"]
[WhiteElo "1658"]
[BlackElo "1907"]
[PlyCount "29"]
[EventDate "2016.01.16"]
[WhiteTeam "Oxford 3"]
[BlackTeam "Shropshire 2"]

1. e4 e6 2. d4 d5 3. Nc3 Bb4 4. e5 Ne7 5. a3 Bxc3+ 6. bxc3 c5 7. a4 Qa5 8. Qd2
Nbc6 9. Nf3 O-O 10. Bd3 Nf5 11. g4 Nfe7 12. Bxh7+ Kxh7 13. Ng5+ Kg8 14. Qd3 g6
15. Qh3 1-0

[Event "4NCL Division 4 South"]
[Site "Telford, ENG ENG"]
[Date "2016.01.16"]
[Round "3.209"]
[White "Lewis, Christopher D"]
[Black "Bentham, Sam"]
[Result "1-0"]
[WhiteElo "1862"]
[BlackElo "1646"]
[PlyCount "69"]
[EventDate "2016.01.16"]
[WhiteTeam "Shropshire 2"]
[BlackTeam "Oxford 3"]

1. e4 c5 2. Nf3 g6 3. Nc3 Bg7 4. d4 cxd4 5. Nxd4 Nc6 6. Be3 Nf6 7. Bc4 O-O 8.
Bb3 d6 9. f3 Qb6 10. Nf5 Qd8 11. Nxg7 Kxg7 12. Qd2 Re8 13. Bh6+ Kg8 14. h4 Qa5
15. h5 Nxh5 16. g4 Nf6 17. O-O-O Be6 18. Bg5 Nd7 19. Kb1 Bxb3 20. axb3 Nce5 {
(=)} 21. Qh2 Nf8 22. Rd5 Qc7 23. Rxe5 dxe5 24. Nd5 Qd6 25. Bh6 f6 26. Bxf8 Kxf8
27. Qxh7 Qe6 28. Qh6+ Kf7 29. Qh7+ Kf8 30. Qxg6 Qg8 31. Qf5 Qg5 32. Rh8+ Kf7
33. Qh7+ Qg7 34. Qh5+ Qg6 35. Rh7+ 1-0

[Event "4NCL Division 4 South"]
[Site "Telford, ENG ENG"]
[Date "2016.01.16"]
[Round "3.210"]
[White "Tselos, Aristotelis"]
[Black "Tarr, Steve F"]
[Result "0-1"]
[WhiteElo "1373"]
[BlackElo "1885"]
[PlyCount "66"]
[EventDate "2016.01.16"]
[WhiteTeam "Oxford 3"]
[BlackTeam "Shropshire 2"]

1. e4 c5 2. Nf3 d6 3. Bb5+ Bd7 4. Bxd7+ Qxd7 5. O-O Nc6 6. Qe2 Nf6 7. Rd1 e6 8.
c4 Be7 9. d4 cxd4 10. Nxd4 O-O 11. Nf3 Qc7 12. Nc3 a6 13. Bf4 Rfd8 14. c5 e5
15. cxd6 Rxd6 16. Rxd6 Qxd6 17. Bg5 h6 18. Bxf6 Bxf6 19. Rd1 Nd4 20. Nxd4 exd4
21. Nd5 Be5 22. g3 g5 23. f4 gxf4 24. Qg4+ Kh8 25. Nxf4 Rg8 26. Qh4 Bxf4 27.
Rf1 Bg5 28. Qh5 Qg6 29. Qf3 Re8 30. h4 Bxh4 31. Kh2 Bg5 32. e5 Rxe5 33. Qxb7
Re2+ 0-1

[Event "4NCL Division 4 South"]
[Site "Telford, ENG ENG"]
[Date "2016.01.16"]
[Round "3.33"]
[White "Szwajkun, Richard"]
[Black "Marlow, Ben"]
[Result "1-0"]
[WhiteElo "1765"]
[BlackElo "1787"]
[PlyCount "59"]
[EventDate "2016.01.16"]
[WhiteTeam "Shropshire 3"]
[BlackTeam "Throw in the Tal 2"]

1. d4 Nf6 2. Nf3 d5 3. e3 Bg4 4. Be2 e6 5. O-O Bd6 6. b3 O-O 7. Nbd2 Nbd7 8.
Bb2 c6 9. c4 Rc8 10. Ne5 Bxe2 11. Qxe2 Bxe5 12. dxe5 Ne8 13. cxd5 cxd5 14. Ba3
Nxe5 15. Bxf8 Kxf8 16. Qh5 Ng6 17. Qe2 Rc2 18. Rfc1 Qc7 19. Qd1 Rxc1 20. Rxc1
Qa5 21. Qc2 b6 22. Nf3 f6 23. Nd4 Kf7 24. Qc6 Nf8 25. Qb7+ Kg8 26. g3 Qxa2 27.
Qe7 Qb2 28. Rc8 Qb1+ 29. Kg2 Qe4+ 30. Nf3 1-0

[Event "4NCL Division 4 South"]
[Site "Telford, ENG ENG"]
[Date "2016.01.16"]
[Round "3.36"]
[White "Harris, John"]
[Black "Ross, Stuart"]
[Result "1-0"]
[WhiteElo "1645"]
[BlackElo "1652"]
[PlyCount "43"]
[EventDate "2016.01.16"]
[WhiteTeam "Throw in the Tal 2"]
[BlackTeam "Shropshire 3"]

1. e4 c5 2. d4 cxd4 3. c3 dxc3 4. bxc3 Nc6 5. Nf3 d6 6. Bc4 Nf6 7. e5 dxe5 8.
Qxd8+ Nxd8 9. Nxe5 e6 10. O-O Be7 11. Bb5+ Kf8 12. Rd1 a6 13. Ba4 b5 14. Bc2
Bb7 15. Bf4 Nc6 16. Nd7+ Ke8 17. Nb6 Rd8 18. Nd2 Bc5 19. Bc7 Rb8 20. Ne4 Nxe4
21. Bxe4 Rd8 22. Bxc6+ 1-0